000 00488nam a2200121Ia 4500
008 220615s9999||||xx |||||||||||||| ||und||
100 _aAbdullah Mohamed Asiri||Mohammed Muzibur Rahman
245 0 _aElectrochemical Sensors Technology
546 _aEnglish[eng]
650 _aEngineering||Sensor Technology||Physical Sciences||Engineering and Technology||Electrical and Electronic Engineering
856 _uhttps://www.intechopen.com/books/electrochemical-sensors-technology
942 _cEB
999 _c12034
_d12034